'A' Country Challenge Quiz Stats

Quiz Updated Mar 8, 2013

Also try: 'A'-Less States
Challenge
Share
Tweet
Embed
Score 0/101 Timer 10:00
0 Plays Today
% Correct
Australia
91.9%
Australia
91.9%
Argentina
88.3%
Argentina
88.3%
Austria
86.6%
Albania
82.9%
Albania
82.9%
Algeria
82.4%
Algeria
82.4%
Andorra
82%
Andorra
82%
Andorra
82%
Afghanistan
81.4%
Afghanistan
81.4%
Angola
80.8%
Angola
80.8%
Azerbaijan
80.6%
Azerbaijan
80.6%
Canada
79.1%
Canada
79.1%
Canada
79.1%
Armenia
79.1%
United States of America
68.8%
United States of America
68.8%
Antigua and Barbuda
67.8%
Antigua and Barbuda
67.8%
Antigua and Barbuda
67.8%
Panama
65.7%
Panama
65.7%
Panama
65.7%
Ghana
61.6%
Ghana
61.6%
Ghana
61.5%
China
61.4%
% Correct
Japan
57.5%
Madagascar
57.4%
Madagascar
57.4%
Madagascar
57.4%
Kazakhstan
57.4%
Kazakhstan
57.4%
Kazakhstan
57.3%
Cuba
54%
South Africa
53.6%
Guinea
52.2%
Jamaica
51.9%
Jamaica
51.9%
Guatemala
51.3%
Guatemala
51.3%
Rwanda
51.3%
Rwanda
51.3%
South Korea
50.8%
United Arab Emirates
50.8%
United Arab Emirates
50.8%
Kenya
50.7%
North Korea
50.4%
Venezuela
50.3%
Nicaragua
50.2%
Nicaragua
50.2%
Chad
50.1%
Bahamas
49.8%
Bahamas
49.8%
Turkey
49.2%
Malta
48.8%
Malta
48.8%
Papua New Guinea
47.6%
Papua New Guinea
47.6%
Guyana
47.6%
Dominica
47.4%
% Correct
Eritrea
46.8%
Eritrea
46.8%
Costa Rica
46.8%
Libya
46.6%
Paraguay
46.4%
Paraguay
46.3%
Samoa
45.4%
Samoa
45.3%
Uganda
45.3%
Equatorial Guinea
44.6%
Equatorial Guinea
44.6%
Greece
44%
Central African Republic
43.8%
Netherlands
43.7%
Saudi Arabia
42.6%
Qatar
42.1%
Botswana
41.7%
Ethiopia
41.3%
Bosnia and Herzegovina
40.6%
Bosnia and Herzegovina
40.6%
Tonga
39.7%
Grenada
39.1%
Malaysia
37.9%
Nigeria
36.9%
Moldova
36.9%
Jordan
36.1%
Sri Lanka
35.4%
Tanzania
33.4%
Mauritania
33%
Trinidad and Tobago
32.6%
Marshall Islands
31.6%
Saint Vincent and the Grenadines
29.8%
Turkmenistan
29.5%

You're not logged in!

Compare scores with friends on all Sporcle quizzes.
Sign Up with Email
OR
Log In

You Might Also Like...

Show Comments

Extras

Top Quizzes Today


Score Distribution

Your Account Isn't Verified!

In order to create a playlist on Sporcle, you need to verify the email address you used during registration. Go to your Sporcle Settings to finish the process.